European Countries Containing S - Statistics

General Stats
  • This quiz has been taken 124 times
  • The average score is 15 of 16
Answer Stats
Answer % Correct
Spain
100%
Sweden
99%
Slovakia
98%
Slovenia
98%
Switzerland
98%
Belarus
95%
Bosnia and Herzegovina
94%
Estonia
92%
San Marino
92%
Serbia
92%
Austria
91%
Russia
90%
Netherlands
88%
Liechtenstein
87%
Kosovo
84%
Cyprus
76%
No matching quizzes found
Score Distribution
Percent of People with Each Score
Percentile by Number Answered
Your Score History
You have not taken this quiz